Nomenclátor de las ciudades, villas, lugares, aldeas y demás entidades de población de España / (Record no. 113809)

MARC details
000 -LEADER
campo de control de longitud fija 00805nam a2200193 i 4500
001 - NÚMERO DE CONTROL
campo de control 113809
003 - IDENTIFICADOR DE NÚMERO DE CONTROL
campo de control ES-MaACL
005 - FECHA Y HORA DE LA ÚLTIMA TRANSACCIÓN
campo de control 20250603181632.0
007 - CAMPO FIJO DE DESCRIPCIÓN FÍSICA--INFORMACIÓN GENERAL
campo de control de longitud fija t|
008 - DATOS DE LONGITUD FIJA--INFORMACIÓN GENERAL
campo de control de longitud fija 061121s1904 sp |||| | spa d
245 00 - MENCIÓN DEL TÍTULO
Título Nomenclátor de las ciudades, villas, lugares, aldeas y demás entidades de población de España /
Mención de responsabilidad, etc. formado por la Dirección General del Instituto Geográfico y Estadístico, con referencia al 31 de diciembre de 1900.
260 ## - PUBLICACIÓN, DISTRIBUCIÓN, ETC.
Lugar de publicación, distribución, etc. Madrid :
Nombre del editor, distribuidor, etc. [s.n.],
Fecha de publicación, distribución, etc. 1904 (
Fabricante Talleres del Instituto Geográfico)
300 ## - DESCRIPCIÓN FÍSICA
Extensión 2 v. ;
Dimensiones 24 cm.
505 8# - NOTA DE CONTENIDO CON FORMATO
Nota de contenido con formato Contiene: I ;
Título Álava a Lugo - II ;
-- Madrid a Zaragoza
651 #7 - PUNTO DE ACCESO ADICIONAL DE MATERIA--NOMBRE GEOGRÁFICO
Nombre geográfico España-
Subdivisión general Nomencladores
Fuente del encabezamiento o término
9 (RLIN) 165997
710 2# - ENTRADA AGREGADA--NOMBRE DE ENTIDAD CORPORATIVA
Nombre de entidad corporativa o nombre de jurisdicción como elemento de entrada Instituto Geográfico y Estadístico (España)
9 (RLIN) 3892
852 ## - LOCALIZACIÓN
Ubicación ES-MaACL
Número de control de estantería G-3299-3300
Holdings
Estatus retirado Estado de pérdida Estado de daño No para préstamo Biblioteca de origen Biblioteca actual Ubicación en estantería Fecha de adquisición Fuente de adquisición Total de préstamos Signatura topográfica completa Código de barras Visto por última vez Precio de reemplazo Tipo de ítem Koha
        Biblioteca del Ateneo de Madrid Biblioteca del Ateneo de Madrid Depósito 2 17/01/2008     G-3299-3300 1118693 23/02/2023 23/02/2023 Libro impreso